Možnosti využitia grafických systémov na analýzu dát diplomová práca

Enregistré dans:
Détails bibliographiques
Auteur principal: Gonda, Lukáš
Collectivité auteur: Fakulta hospodárskej informatiky EU. Katedra aplikovanej informatiky
Autres auteurs: Schmidt, Peter, 1968-
Format: Livre
Langue:slovaque
Publié: Bratislava 2020
Tags: Ajouter un tag
Pas de tags, Soyez le premier à ajouter un tag!

MARC

LEADER 00000nbm a2200000 4500
001 0266833
005 20210512105709.9
041 0 |a slo 
044 |a SK 
245 1 0 |a Možnosti využitia grafických systémov na analýzu dát  |b diplomová práca  |c Lukáš Gonda ; školiteľ: Peter Schmidt 
264 1 |a Bratislava  |c 2020 
300 |a 91 s. 
100 1 |a Gonda, Lukáš 
700 1 |a Schmidt, Peter, 1968- 
710 2 |a Fakulta hospodárskej informatiky EU. Katedra aplikovanej informatiky